K zabezpečeniu zahraničnej prepravy

Zabezpečenie prepravy tovaru do zahraničia. Zasielateľ a sprotredkovateľ. Dopravca. Z hľadiska predávajúceho je možné akýkoľvek obchod považovať za úspešný, keď dostane za dodávku zaplatené. Minimalizácia rizík pri preprave tovaru - účinná poistná ochrana.

Salvato in:
Dettagli Bibliografici
Autore principale: Brda, J.
Natura: Capitolo di libro
Lingua:slovacco
Soggetti:
Tags: Aggiungi Tag
Nessun Tag, puoi essere il primo ad aggiungerne!!

MARC

LEADER 00000naa a2200000 4500
001 r027239
005 20230728093612.1
041 0 |a slo 
044 |a SK 
245 1 0 |a K zabezpečeniu zahraničnej prepravy  |c J. Brda 
520 |a Zabezpečenie prepravy tovaru do zahraničia. Zasielateľ a sprotredkovateľ. Dopravca. Z hľadiska predávajúceho je možné akýkoľvek obchod považovať za úspešný, keď dostane za dodávku zaplatené. Minimalizácia rizík pri preprave tovaru - účinná poistná ochrana. 
610 2 0 |a preprava 
610 2 0 |a vývoz 
610 2 0 |a zasielateľstvá 
610 2 0 |a zákonník obchodný 
610 2 0 |a Slovensko 
610 2 0 |a poistenie 
610 2 0 |a zasielatelia 
100 1 |a Brda, J.